Direito Penal do Trabalho

Bibliographic Details
Main Author: Millǒ Baracat, Eduardo
Other Authors: Guimarês Feliciano, Guilherme
Format: eBook
Language:Portuguese
Published: San Pablo: LTR Editora, 2014
Subjects:
Online Access:Acceso restringido

MARC

LEADER 00000nam a22000007a 4500
005 20140715235857.0
007 cr|||| ||||
008 140716s2014 br |||||s|||| 00||0 por d
020 |a 978-85-361-2925-9 
035 |a 12297 
040 |a vLex 
090 |c 5081  |d 5081 
100 1 |a Millǒ Baracat, Eduardo 
245 1 0 |a Direito Penal do Trabalho  |h [Recurso electrn̤ico] /  |c Eduardo Millǒ Baracat, Guilherme Guimarês Feliciano 
256 |a Servicio en ln̕ea 
260 |a San Pablo:  |b LTR Editora,  |c 2014 
300 |a 1 recurso electrn̤ico 
506 1 |a Disponible solo en los productos indicados  |d vLex Global  |d vLex Global (Academic Edition, excluding Law Schools)  |d vLex Global (U.S. Academic Edition, Law Schools)  |d vLex Global (U.S. Academic Edition, excluding Law Schools)  |d vLex Global (Academic Edition, Law Schools) 
650 0 4 |a Derecho Penal  |z Brasil 
650 0 4 |a Derecho Laboral y Seguridad Social  |z Brasil 
700 1 |a Guimarês Feliciano, Guilherme 
740 0 |a vLex Libros (Servicio en ln̕ea) 
856 4 0 |u http://vlex.com/source/direito-penal-trabalho-12297  |z Acceso restringido 
942 |c BOOK 
999 0 |a Criminal Law 
999 0 |a Labor Law and Social Security